Search the Library Catalogue
| 000 -LEADER | |
|---|---|
| fixed length control field | 00845nam a2200241Ia 4500 |
| 008 - FIXED-LENGTH DATA ELEMENTS--GENERAL INFORMATION | |
| fixed length control field | 191130s2004##################000#0#eng## |
| 020 ## - INTERNATIONAL STANDARD BOOK NUMBER | |
| ISBN | 9780198528609 |
| 082 ## - DEWEY DECIMAL CLASSIFICATION NUMBER | |
| Classification number | 591.47 RUX |
| 100 ## - MAIN ENTRY--AUTHOR NAME | |
| Personal name | Ruxton, Graeme D |
| 245 ## - TITLE STATEMENT | |
| Title | Avoiding attack : the evolutionary ecology of crypsis, warning signals, and mimicry |
| Statement of responsibility, etc | Graeme D. Ruxton, Thomas N. Sherratt, Michael P. Speed |
| 250 ## - EDITION STATEMENT | |
| Edition statement | 1st ed |
| 260 ## - PUBLICATION, DISTRIBUTION, ETC. (IMPRINT) | |
| Place of publication | Oxford |
| Name of publisher | Oxford University Press |
| Year of publication | 2004 |
| 300 ## - PHYSICAL DESCRIPTION | |
| Number of Pages | xii, 249 p., [2] p. of plates : ill. (some col.) ; 26 cm |
| 500 ## - GENERAL NOTE | |
| General note | Includes bibliographical references (p. 210-239) and indexes |
| 650 ## - SUBJECT ADDED ENTRY--TOPICAL TERM | |
| Topical Term | Animal defenses |
| 700 ## - ADDED ENTRY--PERSONAL NAME | |
| Personal name | Sherratt, Thomas N |
| Personal name | Speed, Michael Patrick |
| 991 ## - | |
| -- | 247472 |
| Withdrawn status | Lost status | Damaged status | Not for loan | Home library | Current library | Shelving location | Date acquired | Full call number | Accession Number | Price effective from | Koha item type |
|---|---|---|---|---|---|---|---|---|---|---|---|
| Anna Centenary Library | Anna Centenary Library | 5TH FLOOR, B WING | 17.10.2020 | 591.47 RUX | 189405 | 17.10.2020 | English Books | ||||
| Anna Centenary Library | Anna Centenary Library | 5TH FLOOR, B WING | 17.10.2020 | 591.47 RUX | 190220 | 17.10.2020 | English Books |